000 01137nam a2200313 a 4500
005 20180803164927.0
008 140120b1998 ck ||||| |||| 00| 0 spa d
041 _aspa
090 _aIAvH
_b00064
100 _aHernández Salgar, Ana María
_94260
110 _bInstituto de Investigación de Recursos Biológicos "Alexander von Humboldt". Programa de Política y Legislación
_94261
245 _aPrincipales convenios internacionales sobre medio ambiente aprobados por Colombia
260 _aBogotá
_bInstituto Alexander von Humboldt
_c1998
300 _a93 p.
650 _aConvenios internacionales
_93879
650 _aCITES
_92790
650 _aCambio global
_94262
650 _aConvención RAMSAR
_94263
650 _aCambio climático
_976
650 _aCIAT
_94264
650 _aCapa de ozono
_9759
650 _aConvenio Interinstitucional
_94265
650 _aEmisión de gases
_93877
650 _aFenómeno de El Niño
_93883
650 _aLegislación ambiental internacional
_94266
650 _aConvenio internacional de las maderas tropicales
_94267
650 _aMedio ambiente
_992195
942 _cCD-ROM
_2z
999 _c1699
_d1699